000 00322nam a22001337a 4500
008 170622b xxu||||| |||| 00| 0 eng d
020 _a1884907989
050 _aPN6071
_b.B88 1981
100 _aButler, Rae
245 _aArabesque/
_cRae Butler
260 _aUSA:
_bPlantation;
_c1981
300 _a292p.
942 _2lcc
_cBK
999 _c50858
_d50858